000 00700nam a2200289Ia 4500
005 20260324114001.0
008 008 260324s9999 xx 000 0 eng d
020 _a9781003388128
037 _aEBOOK
040 _aCRL
040 _beng
040 _cCRL
041 _2eng
041 _aeng
084 _qCRL
100 _aJuan Manuel Matés-Barco; María Vázquez-Fariñas
_91148954
245 4 _aThe Age of Global Economic Crises
245 0 _b(1929-2022)
260 _bTaylor and Francis
260 _c2023
365 _a
365 _b230
856 _uhttp://www.taylorfrancis.com/books/9781003388128
942 _cEBOOK
999 _c1738898
_d1738898